| 000 | 00731nam a2200229 i 4500 | ||
|---|---|---|---|
| 003 | DO-SdBNP | ||
| 005 | 20250127090921.0 | ||
| 007 | ta | ||
| 008 | 210319b2020 dr ||||| |||| 00| 0 spa d | ||
| 040 |
_aDo-SdBNP _bspa _cBNPHU _erda |
||
| 082 | 4 |
_aBNPHU _bR426c _222 |
|
| 110 | 1 |
_aRepública Dominicana. _bMinisterio de Industria Comercio y Mipymes _978175 |
|
| 245 | 0 | 0 |
_aCompendio de normativa : _binstitucional |
| 264 |
_aSanto Domingo : _bMinisterio de Industria, Comercio y Mipymes, _c2020. |
||
| 300 |
_a288 páginas ; _c26 cm. |
||
| 336 |
_2rdacontent _atexto _btxt |
||
| 337 |
_2rdamedia _asin medición _bn |
||
| 338 |
_2rdacarrier _avolumen _bnc |
||
| 590 | _aInventariado, 2021 / DG | ||
| 910 | _aDGarcía | ||
| 942 |
_2ddc _cLBS1 |
||
| 999 |
_c49629 _d49629 |
||